[Event "Rio de Janeiro Duchamp op 3rd"]
[Site "Rio de Janeiro"]
[Date "2019.12.07"]
[Round "1"]
[White "Zambrana, Oswaldo"]
[Black "Chaves, Jorge Antonio Torre"]
[Result "1-0"]
[WhiteElo "2445"]
[BlackElo "1916"]
[PlyCount "73"]
[EventDate "2019.12.07"]
[EventType "swiss"]
[EventRounds "9"]
[EventCountry "BRA"]
[SourceTitle "CBM 193 Extra"]
[Source "ChessBase"]
[SourceDate "2020.01.31"]
[SourceVersion "1"]
[SourceVersionDate "2020.01.31"]
[SourceQuality "1"]

1. e4 c6 2. d4 d5 3. e5 Bf5 4. Nc3 e6 5. g4 Bg6 6. Nge2 a6 7. h4 h6 8. Nf4 Bh7 9. Bd3 Bxd3 10. Nxd3 Nd7 11. Qe2 c5 12. dxc5 Nxc5 13. Bf4 Nxd3+ 14. Qxd3 Bb4 15. a3 Bxc3+ 16. Qxc3 Rc8 17. Qd2 Ne7 18. 0-0-0 Qc7 19. Kb1 Qc4 20. Rh3 Qc7 21. h5 Kd7 22. Rf3 Nc6 23. Bg3 Ke8 24. Rc3 Qd7 25. f4 Ne7 26. Bh4 Rxc3 27. Qxc3 Nc6 28. Qc5 b5 29. Rd3 g5 30. hxg6 fxg6 31. Rc3 g5 32. Qxc6 Qxc6 33. Rxc6 gxh4 34. Rc8+ Kf7 35. Rxh8 Kg7 36. Rc8 h5 37. g5 1-0

[Event "Rio de Janeiro Estadual-ch"]
[Site "Rio de Janeiro"]
[Date "2019.09.28"]
[Round "1"]
[White "Chaves, Jorge Antonio Torre"]
[Black "Machado, Wallace Fernandes"]
[Result "1-0"]
[WhiteElo "1974"]
[BlackElo "1668"]
[PlyCount "63"]
[EventDate "2019.09.28"]
[EventType "swiss"]
[EventRounds "6"]
[EventCountry "BRA"]
[SourceTitle "EXT 2020"]
[Source "ChessBase"]
[SourceDate "2019.10.17"]
[SourceVersion "1"]
[SourceVersionDate "2019.10.17"]
[SourceQuality "1"]

1. d4 d5 2. Nf3 Nf6 3. c4 c6 4. Nc3 e6 5. e3 dxc4 6. Bxc4 Be7 7. 0-0 0-0 8. Qe2 Nbd7 9. Rd1 Nb6 10. Bb3 Qc7 11. e4 Re8 12. h3 a6 13. a4 a5 14. Be3 Bb4 15. Bc2 Bxc3 16. bxc3 g6 17. c4 Kg7 18. Rab1 Nbd7 19. e5 Ng8 20. Bf4 Qd8 21. Qd2 h6 22. h4 Nf8 23. Rb3 Re7 24. Nh2 Rd7 25. Rg3 b6 26. h5 Qe8 27. Ng4 g5 28. Bxg5 hxg5 29. Qxg5+ Ng6 30. Nf6 Nxf6 31. exf6+ Kg8 32. hxg6 1-0

[Event "Niteroi op 1st"]
[Site "Niteroi"]
[Date "2019.09.07"]
[Round "6"]
[White "De Amorim, Walter Rymundo"]
[Black "Chaves, Jorge Antonio Torre"]
[Result "0-1"]
[WhiteElo "1480"]
[BlackElo "1974"]
[PlyCount "98"]
[EventDate "2019.09.04"]
[EventType "swiss"]
[EventRounds "7"]
[EventCountry "BRA"]
[SourceTitle "EXT 2020"]
[Source "ChessBase"]
[SourceDate "2019.10.17"]
[SourceVersion "1"]
[SourceVersionDate "2019.10.17"]
[SourceQuality "1"]

1. Nf3 Nf6 2. g3 d5 3. d4 c5 4. c3 Nc6 5. Bg2 e6 6. 0-0 Ne4 7. e3 f5 8. Nfd2 g6 9. f3 Nxd2 10. Nxd2 b6 11. Re1 Bg7 12. Qa4 Bd7 13. Qc2 0-0 14. f4 Rc8 15. Qd1 Be8 16. Nf3 h6 17. a3 g5 18. Ne5 Bxe5 19. dxe5 gxf4 20. exf4 Kh7 21. Be3 Rg8 22. Qc2 Ne7 23. Red1 Qc7 24. Qf2 Bh5 25. Rd2 c4 26. a4 Nc6 27. Qe1 Na5 28. Ra2 Nb3 29. Rf2 Rg7 30. Rf1 Rcg8 31. Bf2 Be8 32. Be3 Bc6 33. Qf2 Qd7 34. a5 bxa5 35. Rd1 a4 36. Bf1 Qb7 37. Qc2 Qf7 38. Bf2 h5 39. Bg2 h4 40. Qe2 hxg3 41. hxg3 Rg5 42. Qf3 Rc8 43. Qe3 Rc7 44. Kf1 Rg6 45. Ke2 Rh6 46. Bf3 Rd7 47. Ke1 d4 48. cxd4 Nxd4 49. Bxc6 Nc2+ 0-1

[Event "Niteroi op 1st"]
[Site "Niteroi"]
[Date "2019.09.05"]
[Round "2"]
[White "De Moura, Pablo Rafael"]
[Black "Chaves, Jorge Antonio Torre"]
[Result "1-0"]
[WhiteElo "1643"]
[BlackElo "1974"]
[PlyCount "57"]
[EventDate "2019.09.04"]
[EventType "swiss"]
[EventRounds "7"]
[EventCountry "BRA"]
[SourceTitle "EXT 2020"]
[Source "ChessBase"]
[SourceDate "2019.10.17"]
[SourceVersion "1"]
[SourceVersionDate "2019.10.17"]
[SourceQuality "1"]

1. e4 Nc6 2. Nc3 d6 3. Bc4 e5 4. d3 Nf6 5. f4 Bg4 6. Nf3 exf4 7. Bxf4 Ne5 8. Bxe5 dxe5 9. Bxf7+ Kxf7 10. Nxe5+ Ke8 11. Nxg4 Bc5 12. Nxf6+ Kf8 13. Qh5 Bd4 14. Nfd5 g6 15. Rf1+ Kg7 16. Qf3 Qd7 17. Qh3 Qd8 18. Nf4 Re8 19. 0-0-0 Qd6 20. Nfe2 Bb6 21. d4 Rad8 22. e5 Qe7 23. Ne4 h6 24. Rf6 Rf8 25. Rdf1 Qb4 26. Qe6 Kh8 27. Rxf8+ Rxf8 28. Rxf8+ Qxf8 29. Qf6+ 1-0